| 000 | 00704nmc a2200265 a 4500 | ||
|---|---|---|---|
| 003 | AR-BaBNM | ||
| 005 | 20251128210850.0 | ||
| 008 | 176020s2005 ||||||||||||||000 | spa|| | ||
| 020 | _a84-8063-724-2 | ||
| 040 | _cAR-BaBNM | ||
| 100 | 1 | _aNeill, Sean | |
| 245 | 1 | 0 | _aLa expresión no verbal en el profesorado |
| 250 | _a1ª ed. | ||
| 260 |
_aBarcelona _bOctaedro _c2005 |
||
| 300 | 0 | _a223 p. | |
| 490 | 0 | _aColección Recursos. v. 58 | |
| 650 | 4 | _aCOMUNICACION EN LA CLASE | |
| 650 | 4 | _aCOMUNICACION INTERPERSONAL | |
| 650 | 4 | _aRELACION ALUMNO-DOCENTE | |
| 650 | 4 | _aCOMUNICACION NO VERBAL | |
| 650 | 4 | _aROL DEL DOCENTE | |
| 700 | 1 | _aCaswell, Chris | |
| 942 | _cBK | ||
| 998 | _cme-solo cat | ||
| 999 |
_c17218 _d17218 |
||